| 000 | 00523nam a2200169Ia 4500 | ||
|---|---|---|---|
| 008 | 150610s9999 xx 000 0 und d | ||
| 020 | _a9780545135702 | ||
| 050 |
_aPZ7 _b.T54 2009 v.3 |
||
| 100 | _aLerangis, Peter. | ||
| 245 | 4 |
_aThe sword thief / _cPeter Lerangis. |
|
| 260 |
_aNew York : _bScholastic Inc., _c2009. |
||
| 300 |
_a156pages ; _c20 cm. |
||
| 440 |
_aThe 39 clues ; book 3 _vv.3 |
||
| 520 | _aJuvenile fiction. | ||
| 650 | _aAdventure stories | ||
| 650 |
_aCode and cipher stories _xJuvenile fiction. |
||
| 999 |
_c287818 _d287818 |
||